Devine le Compositeur de Musique Classique #1 - Statistiques

Statistiques générales
  • Ce quiz a été pris 301 fois
  • Le résultat moyen est 10 sur 15
Statistiques - réponses
Indice Réponse % Correct
La flûte enchantée Wolfgang Amadeus Mozart
96%
Le Carnaval des animaux Camille Saint-Saëns
90%
Casse-noisette Piotr Ilitch Tchaikovsky
87%
La Passion selon Saint Matthieu Johann Sebastian Bach
76%
Polonaise Heroïque Frédéric Chopin
75%
Prélude à l'après-midi d'un Faune Claude Debussy
68%
Symphonie fantastique Hector Berlioz
63%
Pavane pour une infante défunte Maurice Ravel
63%
Le Sacre du printemps Igor Stravinsky
62%
Le Messie Georg Friedrich Haendel
60%
Symphonie inachevée Franz Schubert
58%
Les Indes galantes Jean-Philippe Rameau
55%
Ainsi parlait Zarathoustra Richard Strauss
52%
Tableaux d'une exposition Modeste Moussorgski
41%
Le Songe d'une nuit d'été Felix Mendelssohn
39%
Aucun quiz correspondant
Distribution des résultats
% des personnes avec chaque résultat
Percentile par nombre de réponses
Votre historique - résultats
Vous n’avez pas pris ce quiz